000
00336 a2200109 4500
001
ART_6204
005
20260410161618.0
008
260409a
245
1
0
_a
Las operaciones con información privilegiada en los mercados de valores
100
1
_a
Jelonche, Edgar I.
773
0
_t
Enfoques
_g
- Nº 4 (abr. 2008)
_w
REV416
999
_c
11324
_d
11324